000 00368nam a22001457a 4500
008 210301b ||||| |||| 00| 0 eng d
020 _a0443086788
041 _aeng
080 _22nd
_a616-053.2
082 _a616-053.2
100 _a8
101 _aPED
245 _aAnesthetic Managment of Difficult and Routine Pediatric Patients
_cBerry, F. A
942 _2udc
_cBK
999 _c55374
_d55374